Federal Monarchies - Statistics

General Stats
  • This quiz has been taken 19 times
  • The average score is 4 of 6
Answer Stats
Continent Country % Correct
North America Canada
94%
Oceania Australia
89%
Europe Belgium
78%
Asia Malaysia
61%
North America Saint Kitts and Nevis
61%
Asia United Arab Emirates
61%
No matching quizzes found
Score Distribution
Percent of People with Each Score
Percentile by Number Answered
Your Score History
You have not taken this quiz